000 003920000a22001450004500
003 MACL
040 _aMACL
090 _c3676
_d3676
100 _aO'Connell , Joseph T.
245 _aReligious Movement And Social Structure
_bThe Case Of Chaitanya's Vaisnavas Of Bengal
260 _aShimla
_bIndian Institute Of Advanced Study
_c1993
350 _a40
650 _aReligion
942 _cBOOK
_k294
999 _c3654
_d3654